Plan de Acción Nacional para Reducir la Captura Incidental de Aves Marinas en las Pesquerías Uruguayas (Registro nro. 8298)
[ vista simple ]
| 000 -CABECERA | |
|---|---|
| Campo de control | 01100nam a22002537a 4500 |
| 005 - FECHA Y HORA DE LA ULTIMA TRANSACCION | |
| Campo de control | 20140318085917.0 |
| 008 - ELEMENTOS DE LONGITUD FIJA—INFORMACION GENERAL | |
| Campo de control | 140318s2007 uy abdogr|||| 00| 0 spa d |
| 020 ## - ISBN | |
| ISBN | 9789974563353 |
| 041 ## - IDIOMA | |
| Código de idioma para texto/pista de sonido o título separado | Español |
| 044 ## - PAÍS DE PUBLICACIÓN | |
| País de publicación | Uruguay |
| 082 ## - NUMERO DE CLASIFICACION DECIMAL DEWEY | |
| Número de clasificación | 598.09895 |
| Número del ítem | D67p |
| 100 1# - ASIENTO PRINCIPAL--NOMBRE PERSONAL | |
| Nombre personal | Domingo, Andrés |
| 245 10 - MENCION DE TITULO | |
| Título | Plan de Acción Nacional para Reducir la Captura Incidental de Aves Marinas en las Pesquerías Uruguayas |
| Mención de responsabilidad | Ministerio de Ganadería Agricultura y Pesca, Dirección Nacional de Recursos Acuáticos, Andrés Domingo, Sebastián Jiménez, Cecilia Passadore |
| 260 3# - PUBLICACION, DISTRIBUCION, ETC. (PIE DE IMPRENTA) | |
| Lugar de publicación, distribución, etc. | Montevideo |
| Nombre del editor, distribuidor, etc. | DINARA |
| Fecha de publicación, distribución, etc. | 2007 |
| 300 ## - DESCRIPCION FISICA | |
| Extensión | 76 p. |
| Otros detalles físicos | il., fot., mapas, tablas, gráficas |
| Dimensiones | 28 cm |
| 504 ## - NOTA DE BIBLIOGRAFIA, ETC. | |
| Nota de bibliografía | Incluye bibliografía (páginas 43 y 44) |
| 650 #4 - ASIENTO SECUNDARIO DE MATERIA - TERMINO TEMATICO | |
| Término temático o nombre geográfico como elemento de entrada | Aves |
| Subdivisión general | Marinas |
| Subdivisión geográfica | Uruguay |
| 650 #4 - ASIENTO SECUNDARIO DE MATERIA - TERMINO TEMATICO | |
| Término temático o nombre geográfico como elemento de entrada | Aves |
| Subdivisión general | Protección |
| Subdivisión geográfica | Uruguay |
| 650 #4 - ASIENTO SECUNDARIO DE MATERIA - TERMINO TEMATICO | |
| Término temático o nombre geográfico como elemento de entrada | Aves |
| Subdivisión general | Captura Incidental |
| -- | Pesquerias |
| Subdivisión geográfica | Uruguay |
| 700 1# - ASIENTO SECUNDARIO - NOMBRE PERSONAL | |
| Nombre personal | Jiménez, Sebastián |
| 700 1# - ASIENTO SECUNDARIO - NOMBRE PERSONAL | |
| Nombre personal | Passadore, Cecilia |
| 710 2# - ASIENTO SECUNDARIO - NOMBRE CORPORATIVO | |
| Nombre corporativo o de jurisdicción como elemento de entrada | Ministerio de Ganadería Agricultura y Pesca |
| Unidad subordinada | Dirección Nacional de Recursos Acuáticos |
| 942 ## - ELEMENTOS ADICIONALES (KOHA) | |
| Tipo de ítem | Impreso |
| Sistema de clasificación | Dewey Decimal Classification |
| Withdrawn status | Lost status | Sistema de Clasificación | Damaged status | No para préstamo | Colección | Inventariado | Ubicación Permanente | Ubicación actual | Fecha de adquisición | Fuente de Valor | Valor | Total Checkouts | Número topográfico | Inventario / Código de Barras | Date last seen | Ejemplar | Price effective from | Forma de adquisición | Tipo de material |
|---|---|---|---|---|---|---|---|---|---|---|---|---|---|---|---|---|---|---|---|
| Dewey Decimal Classification | General | Inventariado 2017 | Bogotá | Bogotá | 18/03/2014 | Instituto | 39000.00 | LB-598.09895 D67p | 034260 | 18/03/2014 | Ej. 1 | 18/03/2014 | Libro |